000 00998nam a2200265Ia 4500
003 OSt
005 20221005111104.0
006 a|||||r|||| 00| 0
007 ta
008 221004b |||||||| |||| 00| 0 hin d
020 _a9789383447343 (hbk)
_c750
024 _a20085
037 _b120, 21/03/2015, Mallika Books
_cTextual
040 _aCRL
_cCRL
_bhin
041 _2hin
_ahin
082 _aO152v, Q4
100 _aवेकरीया, गोविन्द कुमार टी.
_9566947
245 0 _aहिन्दी साहित्य का इतिहास
246 _aHindī sāhitya kā itihāsa
260 _aनई दिल्ली
_bरावत प्रकाशन भारत
_c2014
300 _a248पृ0
_ccm.
650 _aहिन्दी साहित्य
942 _hO152v, Q4
_cTEXL
_2cc
999 _c1020783
_d1020783